02026cam a22003734i 4500003000900000005001700009008004100026020001500067035002700082040003300109082001900142100002900161245009300190250000700283264004600290300003800336336002100374337002500395338002300420505106800443526001001511526001001521526001001531526001001541526000801551526000801559526000801567526000801575526000801583526000801591526000801599541001701607630002801624PE-LiUPU20250731173342.0150706s2003 sp r 000 0 spa d a8471518287 a(Sirsi) i9788471518286 aPE-LiUPUbspacPE-LiUPUerda04a220.1bM442211 aMesters, Carlos,eautor.10aDios, ¿dónde estás? :buna introducción práctica a la Biblia /cCarlos Mesters. a4a 1aEstella (Navarra) :bVerbo Divino,c2003. a259 páginas ;c22 centímetros atext2rdacontent aunmediated2rdamedia avolume2rdacarrier0 aLa parábola de la puerta -- Dios "¿dónde estás?" -- Paraíso, ¿mito o realidad? -- Abrahán: El hombre en busca del absoluto -- Éxodo: Dios en la historia de la liberación de los hombres -- Sansón y Dalila: ¿Folclore o algo más?. - Profetas: ¿Dónde estás el Dios en quien creemos? -- Del rey Ezequías al rey Josías: La historia de una reforma -- Jeremías: La huida nunca es una solución -- Sabiduría: Ansia de vivir- necesidad de morir -- Una introducción al libro de Job: El drama de todos nosotros -- Resumen del Antiguo Testamento: Los Salmos. La certeza en la frente, la historia en la mano -- Origen de los cuatro evangelios: Del "evangelio" a los cuatro "evangelios" -- El sermón de la Montaña: ¿Consejo, ley o ideal? -- Las parábolas: Revelar el sentido divino de lo humano -- Los milagros de Jesús: Demostración gratuita del futuro que nos espera -- La transfiguración de Jesús: El sentido de la crisis de la vida -- La libertad del cristiano: Pluralismo en la manera de vivir la misma fe en Jesucristo. aSEG42 aSEG41 aSEG40 aSEG39 aP94 aP87 aP86 aP85 aP77 aP76 aP35 g001-0020922; aBibliaxIntroducciones.